Η περιβαλλοντική πολιτική στην Ελλάδα : ανάλυση του περιβαλλοντικού προβλήματος από τη σκοπιά των κοινωνικών επιστημών

Αποθηκεύτηκε σε:
Λεπτομέρειες βιβλιογραφικής εγγραφής
Κύριοι συγγραφείς: Σκούρτος, Μιχάλης Σ., Σοφούλης, Κώστας Μαν., 1937-2020 (Συγγραφέας)
Μορφή: Βιβλίο
Γλώσσα:Greek
Δημοσίευση: Αθήνα : Τυπωθήτω, 1998, c1995.
Σειρά:Περιβάλλον και κοινωνικές επιστήμες (Τυπωθήτω)
Θέματα:
Ετικέτες: Προσθήκη ετικέτας
Δεν υπάρχουν, Καταχωρήστε ετικέτα πρώτοι!

MARC

LEADER 00000cam a2200000 i 4500
001 1/12837
008 980804r19981995gr | ||| |||| ||gre||
020 |a 9607643178 
035 |1 ΠΑΡ  |a 1997  |l 10018790 
040 |a GR-MY-UA  |b gre  |e aacr 
041 0 |a gre 
082 7 |a 333.7209495   |2 (22) 
100 1 |a Σκούρτος, Μιχάλης Σ. 
245 1 2 |a Η περιβαλλοντική πολιτική στην Ελλάδα :   |b ανάλυση του περιβαλλοντικού προβλήματος από τη σκοπιά των κοινωνικών επιστημών /   |c Μ. Σ. Σκούρτος, Κ. Μ. Σοφούλης.  
260 |a Αθήνα :   |b Τυπωθήτω,   |c 1998, c1995.  
300 |a 399 σ. :   |b πιν. ;   |c 21 εκ.  
490 1 |a (Περιβάλλον και κοινωνικές επιστήμες / Τυπωθήτω)  
504 |a Βιβλιογραφία: σ. 398-399.  
650 0 0 |a Environmental policy  |z Greece. 
700 1 |a Σοφούλης, Κώστας Μαν.,   |d 1937-2020,  |e aut 
830 0 |a Περιβάλλον και κοινωνικές επιστήμες (Τυπωθήτω) 
852 |a INST  |b LESVOS  |e 19980804  |h 333.7209495 ΣΚΟ  |p 005100015097  |q 005100015097  |t BK  |y 0 
852 |a INST  |b LESVOS  |e 20000508  |h 333.7209495 ΣΚΟ  |p 005100024508  |q 005100024508  |t BK  |y 0 
852 |a INST  |b LESVOS  |e 20000508  |h 333.7209495 ΣΚΟ  |p 005100024509  |q 005100024509  |t BK  |y 0 
852 |a INST  |b LESVOS  |e 20000508  |h 333.7209495 ΣΚΟ  |p 005100024510  |q 005100024510  |t BK  |y 0 
852 |a INST  |b LESVOS  |e 20000508  |h 333.7209495 ΣΚΟ  |p 005100024511  |q 005100024511  |t BK  |y 0 
852 |a INST  |b LESVOS  |e 20000508  |h 333.7209495 ΣΚΟ  |p 005100024512  |q 005100024512  |t BK  |y 0 
852 |a INST  |b LESVOS  |e 20000508  |h 333.7209495 ΣΚΟ  |p 005100024519  |q 005100024519  |t BK  |y 0 
852 |a INST  |b LESVOS  |e 20000508  |h 333.7209495 ΣΚΟ  |p 005100024520  |q 005100024520  |t BK  |y 0 
852 |a INST  |b LESVOS  |e 20000508  |h 333.7209495 ΣΚΟ  |p 005100024521  |q 005100024521  |t BK  |y 0 
852 |a INST  |b LESVOS  |e 20000508  |h 333.7209495 ΣΚΟ  |p 005100024522  |q 005100024522  |t BK  |y 0 
852 |a INST  |b LESVOS  |e 20000508  |h 333.7209495 ΣΚΟ  |p 005100024523  |q 005100024523  |t BK  |y 0 
852 |a INST  |b LESVOS  |e 20000508  |h 333.7209495 ΣΚΟ  |p 005100024524  |q 005100024524  |t BK  |y 0 
852 |a INST  |b LESVOS  |e 20000508  |h 333.7209495 ΣΚΟ  |p 005100024525  |q 005100024525  |t BK  |y 0 
852 |a INST  |b RHODES  |e 20000210  |h 333.7209495 ΣΚΟ  |p 005400014003  |q 005400014003  |t BK  |y 0 
852 |a INST  |b RHODES  |e 19990601  |h 333.7209495 ΣΚΟ  |p 005400015111  |q 005400015111  |t BK  |y 0 
852 |a INST  |b SAMOS  |e 20180523  |h 333.7209495 ΣΚΟ  |p 005300045486  |q 005300045486  |t BK  |y 0 
901 |a BIBL-1988-2 
909 |a Λ  |b 052024 
909 |a Λ  |b 077875 
909 |a Λ  |b 077876 
909 |a Λ  |b 077877 
909 |a Λ  |b 077878 
909 |a Λ  |b 077879 
909 |a Λ  |b 077880 
909 |a Λ  |b 077881 
909 |a Λ  |b 077882 
909 |a Λ  |b 077883 
909 |a Λ  |b 077884 
909 |a Λ  |b 077885 
909 |a Λ  |b 077886 
909 |a Ρ  |b 065056 
909 |a Ρ  |b 073625 
920 |a ΣΚΟΥΡΤΟΣ  |b ΜΙΧΑΛΗΣ  |y Λέσβος  |z 2000-03 
920 |a ΔΩΡΕΑ ΒΙΒΛΙΟΘΗΚΗΣ  |y Λέσβος  |z 2000-02 
922 |a 1ΕΛΗ  |b 199711  |c ΚΠΣ/ΣΚΟΥΡΤΟΣ  |d EMVASIS 
922 |a 4ΕΛΗ  |b 199903  |c ΚΠΣ/ΔΕ  |d EMVASIS 
950 |a 054/1996-02-23 
970 |z 04/08/1998